|
|
|
|
| LEADER |
01800nam a2200469 a 4500 |
| 001 |
nkc20051577572 |
| 003 |
CZ PrNK |
| 005 |
20060217134945.0 |
| 007 |
ta |
| 008 |
050803s2005 xr a e f 000 0 eng |
| 015 |
|
|
|a cnb001577572
|
| 020 |
|
|
|a 80-86502-20-1
|q (brož.)
|
| 035 |
|
|
|a (OCoLC)85159895
|
| 040 |
|
|
|a BOA001
|b cze
|d ABA001
|
| 043 |
|
|
|a e-xr---
|
| 072 |
|
7 |
|a 656.1/.5
|x Pozemní doprava
|2 Konspekt
|9 4
|
| 080 |
|
|
|a 656.183
|2 MRF
|
| 080 |
|
|
|a 796.6
|2 MRF
|
| 080 |
|
|
|a 338.47
|2 MRF
|
| 080 |
|
|
|a (437.3)
|2 MRF
|
| 080 |
|
|
|a (036)
|2 MRF
|
| 245 |
0 |
0 |
|a National cycling development strategy of the Czech Republic
|
| 260 |
|
|
|a [Brno] :
|b Centrum dopravního výzkumu for Ministry of Transport, Czech Republic,
|c 2005
|
| 300 |
|
|
|a 38 s. :
|b il. (převážně barev.) ;
|c 30 cm
|
| 500 |
|
|
|a Název z obálky
|
| 504 |
|
|
|a Obsahuje bibliografické odkazy
|
| 650 |
0 |
7 |
|a cyklistická doprava
|7 ph249476
|z Česko
|2 czenas
|
| 650 |
0 |
7 |
|a cyklistika
|7 ph114273
|z Česko
|2 czenas
|
| 650 |
0 |
7 |
|a dopravní politika
|7 ph119573
|z Česko
|2 czenas
|
| 650 |
0 |
9 |
|a cycling traffic
|z Czechia
|2 eczenas
|
| 650 |
0 |
9 |
|a cycling
|z Czechia
|2 eczenas
|
| 650 |
0 |
9 |
|a transportation policy
|z Czechia
|2 eczenas
|
| 655 |
|
7 |
|a informační publikace
|7 fd132454
|2 czenas
|
| 655 |
|
9 |
|a information publications
|2 eczenas
|
| 710 |
1 |
|
|a Česko.
|b Ministerstvo dopravy
|7 pna2005272434
|
| 856 |
4 |
1 |
|u http://www.digitalniknihovna.cz/mzk/uuid/uuid:364b4500-1bc4-11e4-8f64-005056827e52
|y Digitalizovaný dokument
|x NDK
|
| 910 |
2 |
|
|a BOA001
|b 4-1155.738
|
| 990 |
|
|
|a BK
|
| 995 |
|
|
|a 01
|
| 991 |
|
|
|b 200509
|c NOV
|
| 996 |
6 |
|
|b 2610258212
|c 4-1155.738
|l MZK
|r Sklad / do 1 hodiny
|n 1
|p p.v.
|w 000785128
|u 000010
|a 1
|e BOA001
|j MZK50
|s P
|
| 996 |
7 |
|
|b 2610258213
|c 4-1155.738
|l MZK
|r Sklad / do 1 hodiny
|n 4
|p p.v.
|w 000785128
|u 000020
|a 1
|e BOA001
|j MZK50
|s A
|